[Event "Biel GM 41st"]
[Site "Biel"]
[Date "2008.07.29"]
[Round "8"]
[White "Alekseev, Evgeny V"]
[Black "Dominguez Perez, Leinier"]
[Result "0-1"]
[WhiteElo "2708"]
[BlackElo "2708"]
[Annotator "Stohl,I"]
[PlyCount "90"]
[EventDate "2008.07.20"]
[EventType "tourn"]
[EventRounds "10"]
[EventCountry "SUI"]
[EventCategory "18"]
[SourceTitle "CBM 126"]
[Source "ChessBase"]
[SourceDate "2008.10.01"]
[SourceVersion "1"]
[SourceVersionDate "2008.10.01"]
[SourceQuality "1"]

1. e4 c5 2. Nf3 d6 3. d4 cxd4 4. Nxd4 Nf6 5. Nc3 a6 6. g3 {Alekseev used to
play the English Attack, but now he prefers other systems. Even the text move
is not so innocuous in his games - White's P doesn't intend to stay on g3.} (6.
h3 $5 {[%cal Yg2g4] /\g4 is connected with similar ideas and was tested
already by Fischer. After} e6 (6... b5 $5 {is the sharpest reaction}) 7. g4 b5
8. Bg2 Bb7 9. O-O Nc6 10. Nxc6 Bxc6 11. Re1 Nd7 12. Nd5 ({This sortie is not
too effective, interesting is} 12. a4 $5) 12... Bb7 13. Qd4 Ne5 14. f4 Nc6 15.
Qf2 (15. Qb6 Rb8 16. Qxd8+ Kxd8 17. Ne3 g6 $11) 15... exd5 16. exd5+ Ne7 17. a4
Kd7 $1 18. Be3 Bxd5 $5 ({This practically forces a draw; it is risky to play} 
18... Nxd5 19. Qd2 $1 {/\} Nxe3 20. Bxb7 Rb8 21. Bxa6 Nxc2 22. Qxc2 Qb6+ 23.
Kh2 Qxa6 24. Qf5+ $40) 19. Bb6 Qb8 20. Rxe7+ Bxe7 21. Bxd5 Bh4 22. Qd4 Bf6 23.
Qf2 Bh4 24. Qd4 Bf6 {1/2, Carlsen,M (2775)-Dominguez Perez,L (2708)/Biel/2008/}
) 6... e5 {The typical Najdorf move, but it's not the only way to achieve
full-blooded <=>.} ({The Scheveningen continuation is} 6... e6 7. Bg2 {More
usual is} Qc7 (7... Bd7 {can be met with the ambitious} 8. g4 $5 (8. O-O Nc6 9.
Nxc6 Bxc6 10. Be3 Be7 11. a4 O-O 12. a5 Nd7 $11 {is the positional alternative,
which is nowadays considered too tame.}) 8... h6 9. h4 g6 10. g5 hxg5 11. Bxg5
Be7 12. Qd2 Nc6 13. O-O-O Qb6 14. Nxc6 Bxc6 15. Rhe1 Ng8 16. Bxe7 Nxe7 17. Qf4
Rd8 18. Qf6 Rh5 19. Rd2 Kf8 20. Bf3 Ng8 21. Qf4 Rh6 22. h5 {Alekseev,E (2639)
-Najer,E (2648)/RUS-ch Moscow/2006/}) 8. O-O Be7 {, here} 9. g4 {is less
convincing:} h6 $1 10. f4 Nc6 11. Nxc6 bxc6 12. e5 dxe5 13. fxe5 Nd7 $1 14. Bf4
Bb7 15. Qf3 Rb8 16. Qh3 Bc5+ 17. Kh1 Bd4 18. Ne4 Bxe5 19. Bxe5 Nxe5 20. Rad1
O-O 21. g5 c5 $15 {Rublevsky,S (2687)-Volokitin,A (2660)/RUS-chT Sochi/2006/})
({Black can go also for the Dragon setup:} 6... g6 7. Bg2 Bg7 8. h3 O-O 9. O-O
Nc6 10. Be3 Bd7 11. g4 $6 (11. a4 $11 {is more usual}) 11... Rc8 12. g5 Ne8 13.
Nxc6 Bxc6 14. Qd2 f5 15. gxf6 Nxf6 16. Bd4 $6 Nh5 $1 $15 {0-1 Alekseev,E (2661)
-Istratescu,A (2619)/Poikovsky 2007/CBM 117 (38)}) 7. Nde2 (7. Nb3 {is roughly
equivalent and until lately Alekseev preferred this retreat. Here White's play
concentrates more on the <<; another fan of this line used to be Movsesian. He
was presumably somewhat discouraged by} Nbd7 ({Another good move order is} 7...
Be7 8. Bg2 b5 {, after} 9. Bg5 Nbd7 10. Nd5 Nxd5 11. Qxd5 Nb6 12. Bxe7 Kxe7 13.
Qd2 f6 14. O-O Be6 15. c3 Rc8 16. h4 Nc4 17. Qe2 Qb6 $11 {[%csl Ge7] Alekseev,
E (2639)-Nepomniachtchi,I (2545)/RUS-ch Moscow/2006/ Black is fine - his K is
quite comfortable in the [+].}) 8. Bg2 b5 9. O-O Be7 10. Bd2 (10. Nd5 Nxd5 11.
exd5 a5 12. a4 b4 13. Bd2 Bg5 14. f4 Bf6 15. c3 bxc3 16. Bxc3 O-O 17. Ra3 $6
Qb6+ 18. Kh1 exf4 19. Nd4 Nc5 20. Rxf4 Be5 $15 {Movsesian,S (2631)-Kasparov,G 
(2838)/Prague simul/2001/}) 10... O-O 11. Re1 Nb6 $1 (11... Nc5 $6 12. Nd5 Nxd5
13. exd5 Nxb3 14. axb3 Bf5 15. c4 Qb8 16. Ra2 Rc8 17. Bf1 Bd8 18. Qf3 Bd7 19.
Rea1 $36 {׫, Movsesian,S (2624)-Stohl,I (2550)/SVK-ch Kaskady/2002/}) 12. a4
$6 (12. Na5 $142 Bg4 13. Qc1 $13) 12... Bg4 13. Qc1 {Movsesian,S (2659)
-Gelfand,B (2700)/Budapest/2003/} b4 $1 14. Nd5 Nfxd5 15. exd5 a5 16. c3 Qd7 $1
17. cxb4 Rfc8 $36) 7... Be7 {A restrained move. Dominguez had certainly seen
his opponent's recent games with Karjakin and prepared an altogether different
idea.} (7... b5 8. Nd5 Nbd7 9. Nec3 Bb7 10. Bg2 Nxd5 11. Nxd5 Nb6 12. Bg5 Qxg5
13. Nxb6 Rb8 14. Nd5 Qd8 15. Qd3 Be7 16. O-O O-O 17. Rfd1 Bg5 18. c3 Bc8 19.
Qe2 a5 20. a4 Bd7 21. axb5 Bxb5 $132 22. Qc2 {1/2, Alekseev,E (2711)-Karjakin,
S (2732)/RUS-chT Dagomys/2008/}) ({Karjakin possibly didn't relish the
Sveshnikov character of the position and in a later encounter he preferred} 
7... Nbd7 8. Bg2 b5 9. h3 Bb7 10. g4 b4 11. Nd5 Nxd5 12. exd5 Be7 13. Ng3 O-O
14. O-O Bg5 15. Bxg5 Qxg5 16. Nf5 Qf6 17. f4 a5 18. fxe5 Nxe5 19. b3 ({
Possibly somewhere here White had an improvement in his mind, maybe} 19. Qd4 {
, or}) (19. a3 $5) 19... Qd8 20. Qd4 Bc8 21. Ng3 Qc7 22. Rac1 Bd7 23. c3 bxc3
24. Rxc3 Qb8 25. g5 Qb4 26. Qxb4 axb4 27. Rc2 Bb5 28. Rf4 Bd3 $11 {Alekseev,E 
(2711)-Karjakin,S (2732)/Foros/2008/}) 8. Bg2 ({The prophylactic} 8. a4 {
has also been played, but with the N on e2 White usually plays more attention
to the >>.}) 8... b5 9. h3 {Consistent with White's >> ambitions.} (9. a4 b4
10. Nd5 Nxd5 11. Qxd5 Ra7 12. Be3 Be6 $11 {doesn't promise White much.}) 9...
Nbd7 ({Nobody has yet ventured on the provocative prophylactic} 9... h5 {
, the text move is not only more natural, but also less committal.}) 10. g4 {
This straightforward continuation invites Black's << expansion.} ({White can
also consider} 10. a3 $5 Bb7 11. g4 {and now:} Nc5 ({The simple} 11... O-O $132
{is rare, but also deserves attention.}) (11... Nb6 12. Ng3 g6 13. g5 (13. O-O
h5 $132 {is fine for Black, but}) (13. Bh6 $142 $5 {gives White more chances
for an edge.}) 13... Nfd7 14. h4 Rc8 15. Kf1 O-O 16. Kg1 Rc4 17. Be3 Rxc3 $6 (
17... Rc7 $1 $11 {/=/+ seems simply fine for Black}) 18. bxc3 Nc4 19. Nf1 Qa5
20. Rh3 Rc8 21. h5 $1 Nxe3 22. Nxe3 Bxg5 23. hxg6 hxg6 24. Qxd6 $16 {Short,N 
(2690)-Gelfand,B (2700)/Novgorod/1997/}) 12. Ng3 h6 (12... g6 $5 {[%cal Yc5e6]
/\Ne6 is also playable}) 13. O-O g6 14. f4 exf4 15. Bxf4 Ne6 16. e5 $2 (16. Be3
$13) 16... Qb6+ 17. Kh2 Bxg2 18. exf6 Bxf1 19. Qxf1 Bxf6 20. Nd5 Qd8 21. Ne4
Be5 22. Bxe5 dxe5 23. Rd1 Kf8 24. c3 Qh4 $17 {Navara,D (2491)-Aronian,L (2562)/
WChJ Athens/2001/}) 10... b4 11. Nd5 Nxd5 12. exd5 (12. Qxd5 Qc7 $11 {/=/+ and
as the R is taboo, Black has a pleasant position.}) 12... a5 {This is one of
the reasons why the bishop hasn't gone to b7 - now it can go directly to the
more active square a6 (if necessary).} ({After} 12... Bg5 13. a3 $5 $14 {
White wil break up the << to his advantage.}) 13. O-O (13. Ng3 Ba6 14. h4 $5 (
14. Nf5 O-O $15) 14... O-O 15. Be3 Qc7 16. Rc1 Nc5 17. b3 (17. c4 bxc3 18. Rxc3
Rab8 $13 {/<=>,=/+}) 17... a4 18. Qd2 Rab8 19. h5 {Ye Jiangchuan (2670)
-Gelfand,B (2681)/WCup Shenyang/2000/} {Here Gelfand recommends} Bc8 $1 $36 {
and White has problems with his exposed K. In the game Black prematurely
opened the <->a, which in the end contributed to his downfall.}) ({Here} 13. a3
Ba6 14. Bd2 {is met by} Bh4 $5 $36) 13... h5 $1 $146 {[%mdl 8] A brave, but
very interesting novelty. Black's B will remain on c8 after all, targetting
White's exposed >>, while the Ke8 will stay in the [+] for the time being.} (
13... Ba6 $143 14. Re1 O-O (14... Bxe2 {also isn't ideal:} 15. Qxe2 O-O 16. a3
Nc5 17. axb4 axb4 18. Be3 Qb6 19. Qc4 Rac8 20. c3 $16 {Stanojoski,Z (2479)
-Vydeslaver,A (2430)/ECC Chalkidiki/2002/}) 15. Ng3 g6 16. Bh6 Re8 17. a3 Qc7
18. axb4 axb4 19. Qd2 Reb8 20. b3 Bb7 21. Rxa8 Bxa8 22. Ra1 Nc5 23. Be3 Bd8 24.
Bxc5 Qxc5 25. Ne4 Qb6 26. Ra4 Kg7 27. Bf1 Qb7 28. Bc4 Qd7 29. Ra6 $36 {
Stanojoski,Z (2506)-Fedorchuk,S (2671)/EU-ch Plovdiv/2008/}) 14. gxh5 $6 {
White opts for a double-edged tactical solution, but now Black has clear play
against the >> targets.} ({More circumspect was the modest} 14. Ng3 hxg4 15.
hxg4 Nf6 $13 {/=/+} (15... g6 $5 {[%cal Yf8g7,Ye8f8,Gh8h1] /\Kf8-g7,|^<->h}))
14... Rxh5 {[%csl Rg1,Rh3][%mdl 132] ׻ Dominguez will profit cleverly from
the <->h in a model way. His initiative will finally culminate in a deadly
attack in the final phase of the game.} 15. Nd4 ({The second tactical motif} 
15. Nf4 Rh4 (15... Rh8 $5) 16. Ne6 fxe6 17. dxe6 Rb8 (17... Nb6 18. Bc6+ Kf8
19. Bxa8 Nxa8 20. Qf3+ Bf6 21. Qxa8 Qe8 $44 {[%csl Rg1] ע}) (17... Ra7 $5 $15)
18. Qf3 Bf6 (18... Nf6 $2 19. Qg3 $36) 19. Bg5 Rh8 20. exd7+ Bxd7 $15 {[%csl
Rc2,Rh3] ><c2,h3 also doesn't quite resolve the resulting long-term
strategical problems.}) 15... Nf6 16. Nc6 Qc7 17. Qf3 Bf5 $15 {Again
consistent >> play.} ({Dominguez isn't tempted by the materialistic and rather
unclear} 17... e4 18. Qg3 Rxd5 19. Nxe7 Kxe7 20. Bg5 $44 {/~~}) 18. Re1 (18.
Nxe5 $2 Be4 $17 {loses material, but the text-move costs precious time. White
needs active <=> as soon as possible, therefore}) (18. Qg3 {, or the immediate}
) (18. a3 $5 Be4 19. Qg3 Bxg2 20. Qxg2 b3 21. cxb3 Qd7 $15 {/~~ deserves
attention.}) 18... Qd7 19. a3 b3 $1 {[%csl Ra1]} (19... bxa3 $6 20. Rxa3 $132 {
is weaker, after the strong text move the Ra1 will remain offside for a while.}
) 20. cxb3 Bxh3 21. Bd2 Bxg2 22. Kxg2 Rf5 (22... e4 $2 23. Rxe4 Nxe4 24. Qxh5
$18 {/\} Nxd2 25. Qh8+ Bf8 26. Re1+) ({However, viable alternatives are} 22...
Rh4 23. Rh1 e4 $36 {, or}) (22... g6 {[%cal Re5e4,Ye8f8,Yf8g7,Ya8h8] /\e4,
Kf8-g7,Rah8->}) 23. Qd3 Nh5 $1 $36 {The point of Black's previous move,
Dominguez already rightly has higher ambitions than repetition with} (23... Rh5
24. Qf3 $11) 24. Rh1 g6 25. b4 ({More circumspect was} 25. Nxe7 Kxe7 26. Rh4
$15 {Alekseev relies on his strong Nc6, but now Black exchanges his passive B
anyway and gains control over the >> dark squares.}) 25... Bg5 $1 {[%csl Rf4,
Rg5]} 26. b5 {[%csl Gb5] o^b5} (26. bxa5 Bxd2 27. Qxd2 Rf4 {is very similar to
the game, now at least White's o^ will be more dangerous.}) 26... Bxd2 27. Qxd2
Rf4 28. Rh3 (28. Rag1 Qg4+ 29. Kf1 Qf3 {[%cal Rh5g3] /\Ng3} 30. Rh2 Kd7 $5 (
30... Ng3+ $2 31. Rxg3 Qxg3 32. Rh8+ Kd7 33. Rxa8 Qh3+ 34. Ke1 Qh1+ 35. Ke2
Qf3+ 36. Kf1 $11 Rh4 $4 37. Rd8+ $18) {Black safeguards his K and renews the
main threat, after} 31. b6 {he has} Qb3 $17 {/-+}) 28... Kf8 {[%csl Ga8][%cal
Yf8g7] /\Kg7} ({Computers prefer} 28... Rc4 $5 29. Kh2 Qf5 $40 {Dominguez
chooses a sound positional solution, his K heads for safety to free the 8th
rank for the still passive Ra8.}) 29. Rah1 $6 ({Probably this is the decisive
error, considerably more resilient was} 29. f3 $1 Kg7 30. Rah1 $15) 29... Qg4+
30. Kf1 {White invests an exchange to get some <=>, hardly much better was} (
30. Kh2 Qf5 $1 31. Kg1 Kg7 $40 {/\} 32. b6 Rg4+ 33. Kf1 Rh8 $1 34. Ke1 Qb1+ 35.
Ke2 Nf4+ 36. Qxf4 Qc2+ 37. Qd2 Re4+ 38. Re3 Rxe3+ 39. fxe3 (39. Kxe3 Qb3+ 40.
Qd3 Qxb6+ $19) 39... Qc4+ 40. Qd3 Qg4+ 41. Kd2 Rxh1 42. Qe2 Qxe2+ 43. Kxe2 Rh2+
$19) 30... Ng3+ 31. Rxg3 Qxg3 32. b6 Qf3 (32... Qb3 $142 $1 {/\} 33. Rh8+ Kg7
34. Rxa8 Qh3+ 35. Ke1 Qh1+ 36. Ke2 Qf3+ 37. Ke1 (37. Kf1 Rh4 $19) 37... Re4+
$19 {and White can avoid mate only at a very heavy cost.}) 33. Rh2 Kg8 $6 ({
Black makes life slightly more difficult for himself, he still had the simpler
} 33... Qb3 $1 $19) 34. b7 Re8 35. b4 (35. b8=Q $2 Rxb8 36. Nxb8 Rd4 $19) (35.
Qc2 $142 Kg7 36. a4 Qxd5 37. b3 Qf3 $1 {/\} 38. b8=Q Rxb8 39. Nxb8 Rd4 40. Ke1
Qg4 41. Rh1 Qg2 42. Rf1 Qf3 43. Rg1 Re4+ 44. Kf1 Qh3+ 45. Rg2 Rg4 $19) 35...
axb4 36. axb4 Qg3 37. Rh1 Qf3 38. Rh2 Qg3 39. Rh1 Qb3 $1 {Finally...} 40. b8=Q
{This loses quickly, but also} (40. Rh2 Kg7 {is hopeless:} 41. b8=Q Rxb8 42.
Nxb8 Qb1+ 43. Qe1 (43. Ke2 Re4+ 44. Kf3 Qb3+ $1 45. Kxe4 f5#) 43... Rxb4 $19 {
and White loses his N at the very least.}) 40... Rxb8 41. Nxb8 Rxb4 $19 (41...
Qf3 $5 {[%cal Rf3h1,Rf4d4] /\Rd4-+}) 42. Nd7 {White's <=> comes too late,
Black has a mating ->.} (42. Qh6 Qd3+ 43. Kg2 Rg4+ 44. Kh2 Qf3 $19) (42. Nc6
Qb1+ 43. Kg2 Rg4+ 44. Kh3 Qe4 $19) 42... Qc4+ 43. Kg2 (43. Qe2 Rb1+ $19) 43...
Qg4+ 44. Kh2 Qh5+ 45. Kg2 Rg4+ (45... Rg4+ 46. Kf3 Rf4+ 47. Kg2 Qf3+ 48. Kg1
Rg4+ $19) 0-1

[Event "George Marx Memorial 4th"]
[Site "Paks"]
[Date "2006.07.31"]
[Round "4"]
[White "Acs, Peter"]
[Black "Efimenko, Zahar"]
[Result "0-1"]
[WhiteElo "2520"]
[BlackElo "2632"]
[Annotator "Szabo,Kr"]
[PlyCount "88"]
[EventDate "2006.07.28"]
[EventType "tourn"]
[EventRounds "10"]
[EventCountry "HUN"]
[EventCategory "15"]
[SourceTitle "CBM 113 Extra"]
[Source "ChessBase"]
[SourceDate "2006.09.14"]
[SourceVersion "1"]
[SourceVersionDate "2006.09.14"]
[SourceQuality "1"]

1. e4 c5 2. Nf3 d6 3. d4 cxd4 4. Nxd4 Nf6 5. Nc3 a6 6. g3 Bg4 7. f3 Bd7 8. g4
Nc6 9. Be3 h6 10. Qd2 e6 11. O-O-O b5 12. Kb1 (12. h4) 12... Ne5 13. Qg2 (13.
Qe1) (13. Bd3) 13... b4 14. Nce2 Nc4 15. Bc1 e5 16. Nb3 (16. Nf5 Be6 (16... d5
17. exd5 g6 18. Neg3 $16) 17. b3 $14) 16... Qc7 17. Ng3 Be6 18. Bxc4 (18. h4 a5
19. g5 hxg5 20. hxg5 Rxh1 21. Qxh1 Nd7) 18... Qxc4 19. Nf5 a5 20. g5 hxg5 21.
Bxg5 a4 22. Nc1 Nd5 $1 23. Rxd5 Bxf5 24. Nd3 b3 (24... Be6 25. b3 $44) 25. cxb3
axb3 26. a3 Bh3 $1 27. Qd2 Qc2+ 28. Qxc2 bxc2+ 29. Kxc2 Bg2 $19 30. Re1 Bxf3
31. Nb4 Rxh2+ 32. Kb3 f5 33. a4 Bxe4 34. Rxe4 fxe4 35. a5 Be7 36. Bxe7 Kxe7 37.
a6 e3 38. Rd1 e2 39. Re1 g5 40. Ka4 g4 41. Ka5 Ke6 42. Nc2 g3 43. b4 g2 44. Ne3
Rh3 0-1

[Event "Tata Steel-A 79th"]
[Site "Wijk aan Zee"]
[Date "2017.01.20"]
[Round "6"]
[White "Giri, Anish"]
[Black "Nepomniachtchi, Ian"]
[Result "1-0"]
[WhiteElo "2773"]
[BlackElo "2767"]
[Annotator "Szabo,Kr"]
[PlyCount "65"]
[EventDate "2017.01.14"]
[EventType "tourn"]
[EventRounds "13"]
[EventCountry "NED"]
[EventCategory "21"]
[SourceTitle "CBM 177"]
[Source "ChessBase"]
[SourceDate "2017.03.16"]
[SourceVersion "1"]
[SourceVersionDate "2017.03.16"]
[SourceQuality "1"]

1. e4 c5 2. Nf3 d6 3. d4 cxd4 4. Nxd4 Nf6 5. Nc3 a6 6. g3 e5 7. Nde2 Be7 8. Bg2
Nbd7 9. a4 (9. O-O {is the other main line.}) 9... b6 10. Nd5 (10. h3 {is a
more common move.}) 10... Nxd5 11. Qxd5 Rb8 12. Nc3 O-O 13. O-O Bb7 ({2 years
ago} 13... Nf6 {was played by Naiditsch against Carlsen,} 14. Qd3 Be6 15. Qxa6
$1 Qc7 16. Qe2 Bc4 17. Qf3 Bxf1 18. Bxf1 $44 {Carlsen-Naiditsch, Baden Baden
2015, with great compensation.}) 14. Qd1 Rc8 15. Re1 $146 {A novelty by Giri.}
({Or} 15. Qe2 Nf6 16. Bg5 Rc5 17. Rfd1 h6 18. Bxf6 Bxf6 19. h4 Be7 20. Rd2 Qa8
21. Rad1 Rfc8 $11 {A.Ivanov-Najer, Moscow 2004, with a balanced middlegame.})
15... h6 $6 {An inaccuracy, this move involves some problems for Black, which
we will see after 2 moves.} ({The solid} 15... Qc7 {was a natural continuation.
}) 16. Bh3 $1 {The best reply, White is threatening Bxh6 followed by Qg4.} Rc6
(16... Rc7 17. Be3 {is also unpleasant for Black.}) 17. Bxh6 $1 {This is the
point of White's previous move.} gxh6 18. Qg4+ Bg5 19. Qxd7 Qxd7 20. Bxd7 Rc7
21. Bf5 Bd2 22. Red1 Bxc3 23. bxc3 $14 {White is a P up, but the c-Ps are weak
enough. The most important is the b-file for White, he will continue with Rab1.
} Rd8 ({In the event of} 23... Rxc3 24. Rxd6 Rxc2 25. Rxb6 $16 {and White is a
healthy P up.}) 24. Rab1 Rc6 25. f4 $1 {Black just protected himself and now
White continues the pressure.} exf4 $6 ({Probably the passive} 25... Rf8 {
was tougher.}) 26. e5 Bc8 27. Be4 Rxc3 28. Rxd6 Rxd6 29. exd6 {Black wins back
the material, but the strong d-P is too dangerous for him.} Rc4 30. Bd3 Rc6 (
30... Rxa4 31. Rxb6 $16 {and White is better.}) 31. Rd1 $1 Kf8 $6 {Loses
immediately, but Black's position was already difficult.} ({Of course} 31...
Rxd6 $4 {could have been met by} 32. Bh7+ $1 $18) (31... fxg3 {was the best
practical chance,} 32. Bxa6 $1 Rxc2 33. d7 Bxd7 34. Rxd7 gxh2+ 35. Kh1 Rc6 {
followed by ...Rg6 and still Black can hope for something.}) 32. Bxa6 $1 fxg3 (
32... Bxa6 33. d7 $18) 33. hxg3 {and Black didn't want to continue this
hopeless endgame.} 1-0

[Event "Amsterdam Euwe m2"]
[Site "Amsterdam"]
[Date "2015.11.14"]
[Round "3.1"]
[White "Van den Doel, Erik"]
[Black "Kevlishvili, Robby"]
[Result "1-0"]
[WhiteElo "2573"]
[BlackElo "2354"]
[Annotator "Van den Doel,E"]
[PlyCount "83"]
[EventDate "2015.11.12"]
[EventType "match"]
[EventRounds "4"]
[EventCountry "NED"]
[SourceTitle "CBM 171"]
[Source "ChessBase"]
[SourceDate "2016.03.14"]
[SourceVersion "2"]
[SourceVersionDate "2016.03.14"]
[SourceQuality "1"]
[WhiteClock "0:26:12"]
[BlackClock "0:58:58"]

1. e4 c5 2. Nf3 d6 3. d4 cxd4 4. Nxd4 Nf6 5. Nc3 a6 6. g3 g6 {The Naidorf
becomes a Dragon.} 7. Bg2 Bg7 8. O-O O-O 9. h3 Nc6 10. Be3 Rb8 11. Nd5 Nd7 {
This is a bit passive. My opponent had played it before.} 12. c3 e6 13. Nb4 {
The novelty I has prepared. My opponent continued to play rather quickly.} (13.
Nf4 e5 14. Nxc6 bxc6 15. Ne2 Nf6 16. Qc2 d5 17. Rfd1 Qc7 18. c4 d4 19. Nxd4
exd4 20. Bf4 Qa7 21. Bxb8 Qxb8 22. Rxd4 Nd7 23. Rd2 Nc5 24. Rad1 Ne6 25. Qa4 c5
26. a3 Bd4 27. Kh2 h5 28. h4 g5 29. hxg5 h4 30. Rxd4 hxg3+ 31. fxg3 Nxd4 32.
Qa5 Ne2 33. Qe1 Qxb2 34. Rd6 Be6 35. Qf1 Qe5 36. Rd3 Qh8+ 37. Bh3 Nd4 38. Re3
Rb8 39. g4 Qe5+ 40. Kh1 Rb2 41. Bg2 Qxg5 42. Rh3 Bxg4 43. Rh2 Rc2 {0-1 (43)
Yanichkin,A (2126)-Kevlishvili,R (2361) Porec 2015}) 13... Nxb4 14. cxb4 {
The pawn ending may be lost, but White has the freer piece play.} Nb6 15. b3 d5
16. Ne2 $1 {But here he thought for a long time.} Bxa1 {I was pleased to see
him play this, but now I think it is not so bad.} (16... Bd7 {was the main
line in my preparations. Play could continue} 17. Rc1 Bb5 18. Bc5 (18. a4 Bxe2
19. Qxe2 d4 {followed by ...e5 is ok for Black}) 18... dxe4 (18... Re8 19. Re1
Bxe2 20. Rxe2 d4 21. e5 $1 {is better for White. The pawn on d4 lacks support
and the bishop on g2 is great.}) 19. Bxe4 Qxd1 20. Rfxd1 Bxe2 21. Re1 Bh6 22.
f4 Rfd8 23. Bxb6 Rd2 24. a4 {is slightly better for White according to the
engines. The bishop on e2 is strange and White has chances on the queenside.})
17. Qxa1 {Here my preparation stopped. White has great compensation.} Re8 (
17... dxe4 18. Bh6 f6 19. Bxf8 Qxf8 20. Bxe4 {is clearly better for White due
to his much better development.}) 18. Qd4 Nd7 19. exd5 e5 $2 (19... exd5 20.
Nc3 Ne5 21. Qf4 $1 (21. Bf4 {was my intention. Things are not that clear
however.} f6 22. Re1 Nf3+ (22... Bxh3 23. Bxd5+ Be6 24. Bxe5 Bxd5 25. Nxd5 fxe5
26. Rxe5 Rxe5 27. Qxe5 Kf7 28. Qf4+ Kg7 29. Qe5+ $11 {is a draw}) 23. Bxf3
Rxe1+ 24. Kh2 Be6 25. Nxd5 (25. Bxb8 Qxb8 26. Nxd5 (26. Qxf6 Qf8) 26... Bxd5
27. Qxd5+ Kf8 $1) 25... Bxd5 26. Qxd5+ Kh8 27. Bxb8 Qxb8 28. Qf7 Qd6 29. Qxb7 {
is unclear.} (29. Bxb7 Re2) (29. Bd5 Qd8 30. Qxb7 Re7 31. Qc6 Re2 32. Kg2 Rxa2
{and Black is better.})) 21... d4 22. Rd1 g5 23. Qxd4 $14) 20. Qa7 $1 {The
queen won't get trapped. Black does not have any counterplay.} b6 21. d6 e4 22.
Rc1 Rb7 (22... Bb7 23. Rc7) 23. Qxa6 Rb8 24. Qa7 Rb7 25. Qa4 b5 26. Qa5 Qf6 27.
Nc3 Qxd6 (27... Ne5 28. Nxe4 Nf3+ 29. Bxf3 Qxf3 30. Qa8 {wins for White.}) 28.
Nxb5 {White is winning.} Qb8 29. Nc7 Rf8 30. Bxe4 Nf6 31. Bg2 Bf5 32. Na6 Qa8
33. Nc5 Qxa5 34. bxa5 Rc7 35. g4 Be6 36. Bf4 Rcc8 37. Bb7 Rcd8 38. Nxe6 fxe6
39. Bg5 Rd7 40. Bc8 Re7 41. a6 Kg7 42. b4 1-0